Un tram che si chiama Desiderio : dramma in tre atti /

Na minha lista:
Detalhes bibliográficos
Autor principal: Williams, Tennessee
Formato: Livro
Idioma:inglês
Publicado em: Torino Einaudi [2008]
Colecção:Collezione di teatro
Tags: Adicionar Tag
Sem tags, seja o primeiro a adicionar uma tag!

MARC

LEADER 00000nam a2200000 4500
001 CDOM0000003992
003 mi
005 20250827114528.0
008 250827b |||||||| |||| 00| 0 eng d
020 |a 9788806382407 
040 |c mi 
100 |a Williams, Tennessee 
245 1 |a Un tram che si chiama Desiderio :  |b dramma in tre atti /  |c Tennessee Williams  |g traduzione di Gerardo Guerrieri 
260 |a Torino  |b Einaudi  |c [2008] 
300 |a 110 p.  |c 18 cm. 
490 |a Collezione di teatro 
942 |2 ddc  |c BK 
952 |0 0  |1 0  |2 ddc  |4 0  |7 0  |9 7140  |a MI  |b MI  |d 2009-10-16  |i 5729  |l 0  |p CDOM5729  |r 2025-07-13 16:28:00  |w 2025-07-13  |x ACQUISTO  |y BK 
999 |c 5839  |d 5839